Central Library OPAC University of Rajshahi

The Constitution of the Republic of Pakistan : (Record no. 46715)

MARC details
000 -LEADER
fixed length control field 00802nam a2200217 a 4500
001 - CONTROL NUMBER
control field 46715
003 - CONTROL NUMBER IDENTIFIER
rucl marc code BD-RjUL
005 - DATE AND TIME OF LATEST TRANSACTION
control field 20211209054208.0
008 - FIXED-LENGTH DATA ELEMENTS--GENERAL INFORMATION
fixed length control field 160803s1963 pk 000 0 eng
035 ## - SYSTEM CONTROL NUMBER
System control number (BD-RjUL)46834
040 ## - CATALOGING SOURCE
Original cataloging agency DLC
Transcribing agency CarP
Modifying agency DLC
-- BD-RjUL
Language of cataloging eng
041 ## - LANGUAGE CODE
Language code of text/sound track or separate title eng
082 ## - DEWEY DECIMAL CLASSIFICATION NUMBER
Edition number 23
Classification number 342.547
Author mark and year CON 1963
110 ## - MAIN ENTRY--CORPORATE NAME
Corporate name or jurisdiction name as entry element Pakistan.
Subordinate unit Ministry of Law and Parliamentary Affairs.
-- (Law Division)
9 (RLIN) 233655
245 04 - TITLE STATEMENT
Title The Constitution of the Republic of Pakistan :
Remainder of title (as modified up to the 9th October, 1962.) /
Statement of responsibility, etc. Pakistan. Ministry of Law and Parliamentary Affairs. (Law Division)
260 ## - PUBLICATION, DISTRIBUTION, ETC. (IMPRINT)
Place of publication, distribution, etc. Karachi :
Name of publisher, distributor, etc. Manager of Publications, Govt. of Pakistan,
Date of publication, distribution, etc. 1963.
300 ## - PHYSICAL DESCRIPTION
Pagination xiv, 92 p. ;
Size 25 cm.
650 ## - SUBJECT ADDED ENTRY--TOPICAL TERM
Topical term or geographic name as entry element Constitutions
Geographic subdivision Pakistan.
9 (RLIN) 142392
942 ## - ADDED ENTRY ELEMENTS (KOHA)
Source of classification or shelving scheme Dewey Decimal Classification
Koha item type Books
Holdings
Lost status Source of classification or shelving scheme Damaged status Not for loan Collection code Permanent Location Current Location Shelving location Date acquired Source of acquisition Cost, normal purchase price Total Checkouts Full call number Date last seen Copy number Koha item type
  Dewey Decimal Classification     Non-fiction Central Library, University of Rajshahi Central Library, University of Rajshahi   13/02/1965 Govt. of pak. 0.87   342.547 CON 1963 03/08/2016 C-2 Books
  Dewey Decimal Classification     Non-fiction Central Library, University of Rajshahi Central Library, University of Rajshahi   13/02/1965 Govt. of pak. 0.87   342.547 CON 1963 03/08/2016 C-3 Books
  Dewey Decimal Classification     Non-fiction Central Library, University of Rajshahi Central Library, University of Rajshahi   13/02/1965 Govt. of pak. 0.87   342.547 CON 1963 03/08/2016 C-4 Books
  Dewey Decimal Classification     Non-fiction Central Library, University of Rajshahi Central Library, University of Rajshahi   13/02/1965 Govt. of pak. 0.87   342.547 CON 1963 03/08/2016 C-5 Books
  Dewey Decimal Classification     Non-fiction Central Library, University of Rajshahi Central Library, University of Rajshahi   13/02/1965 Govt. of pak. 0.87   342.547 CON 1963 03/08/2016 C-6 Books
  Dewey Decimal Classification     Non-fiction Central Library, University of Rajshahi Central Library, University of Rajshahi   13/02/1965 Govt. of pak. 0.87   342.547 CON 1963 03/08/2016 C-7 Books
  Dewey Decimal Classification     Non-fiction Central Library, University of Rajshahi Central Library, University of Rajshahi   13/02/1965 Govt. of pak. 0.87   342.547 CON 1963 03/08/2016 C-8 Books
  Dewey Decimal Classification     Non-fiction Central Library, University of Rajshahi Central Library, University of Rajshahi   13/02/1965 Govt. of pak. 0.87   342.547 CON 1963 03/08/2016 C-9 Books
  Dewey Decimal Classification     Non-fiction Central Library, University of Rajshahi Central Library, University of Rajshahi   13/02/1965 Govt. of pak. 0.87   342.547 CON 1963 03/08/2016 C-10 Books
  Dewey Decimal Classification   Not For Loan Rare Books Central Library, University of Rajshahi Central Library, University of Rajshahi Rare Book Section 13/02/1965 Govt. of Pakistan 0.87   RA 342.547 CON 1963 13/10/2019 C-1 Rare Books